00651 2200229 4500001002100000005001700021008004100038035002400079082001200103090001900115100002800134245007100162260003100233300002900264500003100293650002000324650003000344850001500374980001100389985000600400999001500406YOGYA-0209000001283020090227022249.0 ind  0010-020900000012830 a155.455 a155.455bTir A aTIRTONEGOEO, Sutratinah aAnak supernormal dan program pendidikannyacSutratinah Tirtinegoro aJakartabBina Aksarac1984 axv, 171 hlmbilusc21 cm aBibliografi : hlm. 167-171 aAnak luar biasa aAnak bernakat - Psikologi aYOPDYOG(B) a130606 a1 a00B0000061